Statistics for Band of Brothers(Series) Quiz

Click here to take the quiz!

General Stats

  • This quiz has been taken 63 times
  • The average score is 13 of 25

Answer Stats

HintAnswer% Correct
What did Hoobler want to find more than anything?Luger
89%
What meal was made when Winters was first put in charge of the kitchen?Spaghetti
89%
What size boot did Joe Toye request from Roe while out in Bastogne?9
81%
Where did David Webster go to college?Harvard
79%
What was the name of the whisky Lewis Nixon always drank?Vat 69
70%
Who was the best marksmen out of the cast?Shifty
66%
What state was Doc Roe from?Louisiana
62%
What day did Winters become Easy Company’s CO?D-Day
60%
Who apologized for getting shot in the ass at Brecourt Manor?Popeye
60%
Who was the witty radioman who made the impression of Maj Horton?George Luz
55%
Who actually received a battlefield commission?Lipton
55%
What was Babe Heffron’s real first name?Edward
51%
Where was Bill Guarnere’s brother killed right before D-Day?Monte Cassino
49%
Who was shot by a drunk American GI in the last episode?Grant
47%
Who did Webster mistakenly believe was getting a battlefield commission after returning from the hospital?Malarkey
47%
What was Lt Dyke’s nickname?Foxhole Norman
45%
What was the name of the flower mentioned in episode 3?Edelweiss
43%
Where was the wounded German soldier headed when he got into a car with strangers?Munich
43%
Who collected watches from dead soldiers?Perconte
43%
Who led the patrol across the river at Hagenau?Martin
38%
Where was Winters wounded by shrapnel?Carentan
36%
Who was stabbed with a bayonet by a scared GI in France?Talbert
34%
What city was the captured German soldier from D-Day from?Eugene
32%
What kind of literature did Liebgott tell Webster he liked to read?Flash Gordon
26%
What division did Nixon jump with to earn his third combat jump star?17th airborne
15%

Score Distribution

Percentile by Number Answered

Percent of People with Each Score

Your Score History

You have not taken this quiz